书目信息 |
| 题名: |
国际保险新论
|
|
| 作者: | 陆爱勤 编著 | |
| 分册: | ||
| 出版信息: | 上海 华东理工大学出版社 2003.12 |
|
| 页数: | 330页 | |
| 开本: | 21cm | |
| 丛书名: | ||
| 单 册: | ||
| 中图分类: | F840.685 | |
| 科图分类: | ||
| 主题词: | 国际保险--guo ji bao xian | |
| 电子资源: | ||
| ISBN: | 7-5628-1483-X | |
| 000 | 00854nam0 2200229 450 | |
| 001 | 012007763729 | |
| 005 | 20070929100953.21 | |
| 010 | @a7-5628-1483-X@dCNY18.00 | |
| 100 | @a20070814d2003 km y0chiy0120 ea | |
| 101 | 0 | @achi |
| 102 | @aCN@b310000 | |
| 105 | @ak a 000yy | |
| 200 | 1 | @a国际保险新论@Aguo ji bao xian xin lun@f陆爱勤编著@Flu ai qin bian zhu |
| 210 | @a上海@c华东理工大学出版社@d2003.12 | |
| 215 | @a330页@d21cm | |
| 320 | @a有书目 (第330页)。 | |
| 330 | @a本书着重探索世界范围内保险业发展的运行规律,分析国际保险在世界贸易、国际资本流动、促进高新技术发展、推动跨国旅游业、保障世界经济发展中的作用,概述国际保险所通行的基本原则和惯例,介绍国际保险日常经营和管理的一般程序。 | |
| 606 | 0 | @a国际保险@Aguo ji bao xian |
| 690 | @aF840.685@v4 | |
| 701 | 0 | @a陆爱勤@Alu ai qin@4编著 |
| 801 | 0 | @aCN@c20070929 |
| 905 | @dF840.685@eL835 | |
| 国际保险新论/陆爱勤编著.-上海:华东理工大学出版社,2003.12 |
| 330页;21cm |
| ISBN 7-5628-1483-X:CNY18.00 |
| 本书着重探索世界范围内保险业发展的运行规律,分析国际保险在世界贸易、国际资本流动、促进高新技术发展、推动跨国旅游业、保障世界经济发展中的作用,概述国际保险所通行的基本原则和惯例,介绍国际保险日常经营和管理的一般程序。 |
| ● |
| 相关链接 |
|
|
|
正题名:国际保险新论
索取号:F840.685/L835
 
预约/预借
| 序号 | 登录号 | 条形码 | 馆藏地/架位号 | 状态 | 备注 |
| 1 | 248893 | 202488931 | 社科库409/409社科库 55排3列2层/ [索取号:F840.685/L835] | 在馆 |